000 00727nam a2200241Ia 4500
003 OSt
005 20220925204550.0
006 a|||||r|||| 00| 0
007 ta
008 220923b |||||||| |||| 00| 0 eng d
020 _a0745000126
037 _cGeneral Book
040 _aRTL
_cRTL
_beng
041 _2eng
_aeng
082 _aX.53.N8, M6
100 _aHayward Jack
_976092
245 0 _aState and the market economy
_b Industrial patriotism and economic intervention in france
260 _aGreat
_bBritain Wheatsheaf Books
_c1986
300 _axv,267p.
_ccm.
650 _aEconomic Conditions Europe
_9235501
942 _hX.53.N8, M6
_cGB
_2CC
999 _c549775
_d549775